Tổ chức chính trị và hành chánh Việt Nam
Sách gồm 2 phần giới thiệu tổ chức chính trị và hành chánh Việt Nam Cộng hòa.
Đã lưu trong:
| Tác giả chính: | |
|---|---|
| Định dạng: | Sách |
| Ngôn ngữ: | Undetermined |
| Được phát hành: |
Sài Gòn
Tác giả xuất bản
1962
|
| Những chủ đề: | |
| Các nhãn: |
Thêm thẻ
Không có thẻ, Là người đầu tiên thẻ bản ghi này!
|
| Thư viện lưu trữ: | Trung tâm Học liệu Trường Đại học Cần Thơ |
|---|
| LEADER | 00731nam a2200205Ia 4500 | ||
|---|---|---|---|
| 001 | CTU_204627 | ||
| 008 | 210402s9999 xx 000 0 und d | ||
| 082 | |a 324.2597 | ||
| 082 | |b Kh107 | ||
| 100 | |a Bùi, Quang Khánh | ||
| 245 | 0 | |a Tổ chức chính trị và hành chánh Việt Nam | |
| 245 | 0 | |c Bùi Quang Khánh | |
| 260 | |a Sài Gòn | ||
| 260 | |b Tác giả xuất bản | ||
| 260 | |c 1962 | ||
| 520 | |a Sách gồm 2 phần giới thiệu tổ chức chính trị và hành chánh Việt Nam Cộng hòa. | ||
| 650 | |a Political parties,Đảng chính trị | ||
| 650 | |z Vietnam,Việt Nam | ||
| 904 | |i Hải | ||
| 980 | |a Trung tâm Học liệu Trường Đại học Cần Thơ | ||